000 00325nam a22001457a 4500
008 221207b ||||| |||| 00| 0 eng d
020 _a9780077459420
041 _aeng
080 _2NINTH EDITION
_a615.83
082 _a615.83FAH
100 _a16.2
101 _aEGZ
245 _aFIT&WELL
_cFAHEY D TH
942 _2udc
_cBK
999 _c59129
_d59129